Suurimmat kaupungit kirjaimittain - C - Statistics

Yleistilastot
  • Tätä visaa on pelattu 635 kertaa
  • Keskiarvotulos 9 / 20
Vastaustilastot
Valtio Väkiluku Kaupunki % Oikein
Yhdysvallat 9,90 milj. Chicago
89%
Venezuela 3,80 milj. Caracas
83%
Marokko 4,70 milj. Casablanca
76%
Sri Lanka 4,90 milj. Colombo
75%
Intia 12,2 milj. Chennai
67%
Kiina 16,6 milj. Chengdu
53%
Guinea 2,78 milj. Conakry
47%
Kolumbia 2,93 milj. Cali
46%
Kiina 10,5 milj. Chongqing
43%
Yhdysvallat 3,10 milj. Cleveland
42%
Bangladesh 4,65 milj. Chittagong
41%
Yhdysvallat 2,58 milj. Charlotte
39%
Yhdysvallat 2,83 milj. Cincinnati
36%
Filippiinit 2,70 milj. Cebu
34%
Brasilia 3,55 milj. Curitiba
33%
Kiina 10,5 milj. Changsha
30%
Brasilia 3,33 milj. Campinas
13%
Kiina 4,90 milj. Changchun
13%
Intia 2,93 milj. Coimbatore
12%
Intia 2,58 milj. Chandigarh
10%
Ehtoja vastaavia visoja ei löytynyt
Tulosjakauma
Jokaisen tuloksen saaneiden osuus
Persentiili vastausten määrän mukaan
Tuloshistoriasi
Et ole pelannut tätä visaa